000 00275nam a22001217a 4500
008 190205b xxu||||| |||| 00| 0 eng d
041 _aeng
080 _22nd
_a510
100 _a36
101 _aMAT
245 _aPractical Descriptive Geometry
_cGrant,M.E
942 _2udc
_cBK
999 _c54001
_d54001